[Event "Ostrava zt (Women)"]
[Site "Ostrava"]
[Date "1999.05.25"]
[Round "4"]
[White "Genova, Ruzka"]
[Black "Krupkova, Petra"]
[Result "0-1"]
[WhiteElo "2238"]
[BlackElo "2349"]

1.d4 Nf6 2.c4 g6 3.Nc3 d5 4.cxd5 Nxd5 5.e4 Nxc3 6.bxc3 Bg7 7.Nf3 c5 8.Rb1 O-O
9.Be2 b6 10.O-O Bb7 11.Qd3 e6 12.Bg5 Qd6 13.Qe3 cxd4 14.cxd4 Rc8 15.Bf4 Qf8
16.Rbc1 Nd7 17.Bc4 Nf6 18.Nd2 a6 19.Rfe1 b5 20.Bd3 Rxc1 21.Rxc1 Rc8 22.Rxc8 Qxc8
23.Nb3 Qc3 24.Nc5 Bc6 25.Nxa6 Ng4 26.Qd2 Qa1+ 27.Bf1 Bxd4 28.Bg3 Bxe4 29.h3 Nf6
30.Qe2 Bd5 31.Qxb5 Ne4 32.Bh4 g5 33.Nb8 gxh4 34.Qe8+ Kg7 35.Nd7 Bxf2+ 36.Kh2 Bg3+
37.Kg1 Qd4+  0-1

[Event "Rhein Main op"]
[Site "Frankfurt"]
[Date "1999.06.05"]
[Round "5"]
[White "Thomas, Norbert"]
[Black "Dunsbach, Ralf"]
[Result "0-1"]
[WhiteElo "2028"]
[BlackElo "2225"]

1.d4 Nf6 2.c4 g6 3.Nc3 d5 4.cxd5 Nxd5 5.e4 Nxc3 6.bxc3 Bg7 7.Qb3 O-O 8.Be3 c5
9.d5 Qa5 10.Rc1 e6 11.Bc4 exd5 12.exd5 a6 13.Be2 Nd7 14.Nf3 b5 15.O-O c4
16.Qc2 Bb7 17.Rfd1 Qa3 18.Nd4 Nf6 19.Nc6 Rac8 20.Bf3 Nxd5 21.Rxd5 Bxc6 22.Bc5 Qa5
23.Bxf8 Bxd5 24.Bxg7 Bxf3 25.Bd4 Bb7 26.Qd2 Qd8 27.Qh6 Qf8 28.Qf4 Qe7 29.Qf6 Qxf6
30.Bxf6 Rc6 31.Bd4 Re6 32.Be3 Rd6 33.f3 f6 34.Kf2 Rd3 35.Ke2 Bc6 36.a3 g5
37.Bd4 g4 38.fxg4 Bxg2 39.Bxf6 Bf3+ 40.Kf2 Bxg4 41.Bd4 Kf7 42.Re1 h5 43.Re3 Rd2+
44.Kg3 Ra2 45.Bc5 Rc2 46.h3 Bf5 47.Bb4 Kf6 48.Be7+ Kf7 49.Bb4 Rc1 50.Kf4 Rf1+
51.Kg3 Be6 52.Kh4 Rf5 53.Kg3 Rd5 54.h4 Rd1 55.Rf3+ Kg6 56.Kf4 Rh1 57.Ke5 Re1+
58.Kf4 Bg4 59.Re3 Rh1 60.Be7 Kf7 61.Kg5 Rg1 62.Bd6 Bf3+ 63.Kf5 Bg4+ 64.Kg5 Bd1+
65.Kf5 Bc2+ 66.Ke5 Rf1 67.Kd4 Rh1  0-1

[Event "Beersheba-Peterburg Kings m"]
[Site "St Petersburg"]
[Date "1999.06.06"]
[Round "2"]
[White "Ivanov, Sergey"]
[Black "Huzman, Alexander"]
[Result "1/2-1/2"]
[WhiteElo "2528"]
[BlackElo "2575"]

1.d4 Nf6 2.c4 g6 3.Nc3 d5 4.cxd5 Nxd5 5.e4 Nxc3 6.bxc3 Bg7 7.Nf3 c5 8.Be2 Nc6
9.Rb1 O-O 10.d5 Ne5 11.Nxe5 Bxe5 12.Qd2 e6 13.f4 Bc7 14.O-O exd5 15.exd5 Ba5
16.Rb3 Re8 17.Bb5 Re4 18.Bd3 Rd4 19.Qe2 Rxd5 20.c4 Bg4 21.Qc2 Rh5 22.h3 Bd7
23.Be2 Rh4 24.Rg3 Bc6 25.f5 Bc7 26.Rd3 Qe7 27.Bb2 Re8 28.fxg6 hxg6 29.Bf3 Rf4
30.Qc3 Be5 31.Qxe5 Qxe5 32.Bxe5 Rxe5 33.Bxc6 Rxf1+ 34.Kxf1 bxc6 35.Rd6 Re4  1/2-1/2

[Event "Salongernas IM"]
[Site "Stockholm"]
[Date "1999.06.07"]
[Round "3"]
[White "Hedman, Erik"]
[Black "Dzevlan, Miralem"]
[Result "1/2-1/2"]
[WhiteElo "2348"]
[BlackElo "2435"]

1.d4 Nf6 2.c4 g6 3.Nc3 d5 4.cxd5 Nxd5 5.e4 Nxc3 6.bxc3 Bg7 7.Ba3 Nd7 8.Qb3 c5
9.Nf3 O-O 10.Bd3 cxd4 11.cxd4 Nb6 12.Rd1 Bg4 13.Be2 Bd7 14.Rc1 Bh6 15.Rc3 Na4
16.Rc2 Nb6 17.Rc3 Na4 18.Rc2  1/2-1/2

[Event "Beersheba-Peterburg Kings m"]
[Site "St Petersburg"]
[Date "1999.06.08"]
[Round "4"]
[White "Ivanov, Sergey"]
[Black "Tseitlin, Mark D"]
[Result "1/2-1/2"]
[WhiteElo "2528"]
[BlackElo "2490"]

1.d4 Nf6 2.c4 g6 3.Nc3 d5 4.cxd5 Nxd5 5.e4 Nxc3 6.bxc3 Bg7 7.Nf3 c5 8.Rb1 O-O
9.Be2 cxd4 10.cxd4 Qa5+ 11.Bd2 Qxa2 12.O-O Nd7 13.Bb4 Nb6 14.Ra1 Qe6 15.Qb1 Bd7
16.Ra5 Nc8 17.d5 Qb6 18.e5 a6 19.Qe4 Na7 20.Rfa1 Rac8 21.Bxe7 Rfe8 22.Bg5 Nb5
23.Bf1 Qc7 24.Qh4 Rxe5 25.Nxe5 Qxe5 26.Bh6 Qxd5 27.Bxg7 Kxg7 28.Re1 Re8  1/2-1/2

[Event "Beersheba-Peterburg Kings m"]
[Site "St Petersburg"]
[Date "1999.06.10"]
[Round "6"]
[White "Ivanov, Sergey"]
[Black "Mikhalevski, Victor"]
[Result "1-0"]
[WhiteElo "2528"]
[BlackElo "2531"]

1.d4 Nf6 2.c4 g6 3.Nc3 d5 4.cxd5 Nxd5 5.e4 Nxc3 6.bxc3 Bg7 7.Nf3 c5 8.Rb1 O-O
9.Be2 Nc6 10.d5 Ne5 11.Nxe5 Bxe5 12.Rb3 e6 13.f4 Bg7 14.c4 Re8 15.e5 f6 16.f5 gxf5
17.Bh5 Re7 18.d6 Rd7 19.Rg3 fxe5 20.Bb2 Kh8 21.O-O Rxd6 22.Qe2 Rd4 23.Rxg7 Kxg7
24.Qxe5+ Kg8 25.Rf4 Qg5 26.Rxd4 cxd4 27.Qxd4 Kf8 28.Qh8+ Ke7 29.Ba3+ Kd7
30.Qd4+  1-0

[Event "Budapest FS06 IM"]
[Site "Budapest"]
[Date "1999.06.11"]
[Round "7"]
[White "Belotelov, Dimitri"]
[Black "Dembo, Yelena"]
[Result "1-0"]
[WhiteElo "2262"]
[BlackElo "2180"]

1.d4 Nf6 2.c4 g6 3.Nc3 d5 4.cxd5 Nxd5 5.e4 Nxc3 6.bxc3 Bg7 7.Nf3 c5 8.Bb5+ Bd7
9.Be2 O-O 10.O-O Nc6 11.h3 Rc8 12.Be3 Na5 13.Rc1 cxd4 14.cxd4 Rxc1 15.Qxc1 b6
16.Bh6 f6 17.Bd2 Nb7 18.Qa3 Nd6 19.e5 Nc8 20.Rc1 e6 21.exf6 Bxf6 22.Bh6 Re8
23.Ne5 Bxe5 24.dxe5 a5 25.Qe3 Ne7 26.Bg5 Qb8 27.Bf6 Qb7 28.Bf3 Nd5 29.Qh6 Bc8
30.Bg4 Nxf6 31.exf6 Kh8 32.Qf4 Qf7 33.Rc7 e5 34.Qc1  1-0

[Event "Budapest FS06 GM"]
[Site "Budapest"]
[Date "1999.06.14"]
[Round "10"]
[White "Llanos, Guillermo"]
[Black "Hoffmann, Michael"]
[Result "1/2-1/2"]
[WhiteElo "2437"]
[BlackElo "2407"]

1.d4 Nf6 2.c4 g6 3.Nc3 d5 4.cxd5 Nxd5 5.e4 Nxc3 6.bxc3 Bg7 7.Bb5+ c6 8.Ba4 O-O
9.Ne2 c5 10.O-O Nc6 11.Be3 Na5 12.dxc5 Nc4 13.Qxd8 Rxd8 14.Bg5 Bd7 15.Bb3 Na5
16.Rfd1 Kf8 17.Nd4 Rdc8 18.Be3 Be8 19.Rab1 e6 20.f4 Kg8 21.f5 exf5 22.Bd5 fxe4
23.Nb5 Bf8 24.Nd6 Rc7 25.Nxe4 Bc6 26.c4 Bg7 27.Nd6 Be5 28.Nb5 Rd7 29.Bf2 Kg7
30.Be1 Bxd5 31.Rxd5 Rxd5 32.cxd5 Nc4 33.Rb4 Nb2 34.Nc7 Rc8 35.d6 Nd3 36.Rxb7 Nxc5
37.Rxa7 Bxd6 38.Nb5 Be5 39.Bg3 Bxg3 40.hxg3 Ne4 41.g4 Rc5 42.Nd4 Rd5 43.Nf3 Nd2  1/2-1/2

[Event "Fan Adams Int f-B"]
[Site "New York"]
[Date "1999.06.26"]
[Round "3"]
[White "Bonin, Jay R"]
[Black "Ady, Jonathan James"]
[Result "1-0"]
[WhiteElo "2419"]
[BlackElo "2412"]

1.d4 Nf6 2.c4 g6 3.Nc3 d5 4.cxd5 Nxd5 5.e4 Nxc3 6.bxc3 Bg7 7.Nf3 c5 8.Bb5+ Nc6
9.O-O cxd4 10.cxd4 O-O 11.Be3 Bg4 12.Bxc6 bxc6 13.Rc1 Qa5 14.Qd2 Qxd2 15.Nxd2 Rfd8
16.Nb3 a5 17.e5 Be6 18.Rxc6 a4 19.Nc5 Bxa2 20.Ra1 Rdb8 21.h3 Rb1+ 22.Rxb1 Bxb1
23.Nxa4 Bxe5 24.Nb6 Be4 25.Rc1  1-0

[Event "Andorra la Vella op"]
[Site "Andorra la Vella"]
[Date "1999.06.29"]
[Round "4"]
[White "Georgiev, Vladimir"]
[Black "Jansa, Vlastimil"]
[Result "1-0"]
[WhiteElo "2508"]
[BlackElo "2467"]

1.d4 Nf6 2.c4 g6 3.Nc3 d5 4.cxd5 Nxd5 5.e4 Nxc3 6.bxc3 Bg7 7.Bc4 O-O 8.Ne2 b6
9.Bg5 Bb7 10.f3 c5 11.d5 Nd7 12.f4 Nf6 13.Bxf6 Bxf6 14.O-O a6 15.a4 b5 16.axb5 axb5
17.Rxa8 Bxa8 18.Bxb5 c4 19.Bxc4 Qb6+ 20.Kh1 e6 21.e5 Be7 22.Qd3 exd5 23.Bxd5 Bxd5
24.Qxd5 Rd8 25.Qf3 Qc5 26.h3 Qd5 27.Ng3 Qxf3 28.Rxf3 Rd1+ 29.Kh2 Re1 30.Rf1 Re3
31.Rb1 h5 32.Rb8+ Kg7 33.Rb7 Kf8 34.Rb2 h4 35.Ne2 Bc5 36.Rb5 Ba7 37.Rb7 Bc5
38.Rc7 Bb6 39.Rc6 Ba7 40.Nd4 Re4 41.Rf6 Kg7 42.Nf3 Be3 43.g3 Rc4 44.Ng5 Rc7
45.Kg2 Bd2 46.gxh4 Bxc3 47.Kf3 Be1 48.Kg4 Rc3 49.Nf3 Bf2 50.Rd6 Kf8 51.Rd7 Ke8
52.Rb7 Be3 53.Ng5 Rc4 54.Rxf7  1-0

[Event "White Nights"]
[Site "St Petersburg"]
[Date "1999.06.30"]
[Round "5"]
[White "Lytchak, Alexander"]
[Black "Lukin, Andrei M"]
[Result "1-0"]
[WhiteElo "2375"]
[BlackElo "2440"]

1.d4 Nf6 2.c4 g6 3.Nc3 d5 4.cxd5 Nxd5 5.e4 Nxc3 6.bxc3 Bg7 7.Bc4 O-O 8.Ne2 Nc6
9.O-O b6 10.Bg5 Bb7 11.Qd2 Qd7 12.Bb5 a6 13.Bd3 e6 14.e5 Na5 15.Ng3 c5 16.Nh5 f6
17.Nxf6+ Bxf6 18.Bxf6 cxd4 19.cxd4 Qxd4 20.Qh6 Rxf6 21.exf6 Qxf6 22.Rac1 Qf7
23.Qe3 b5 24.Qb6 Nc4 25.Bxc4 bxc4 26.Rxc4 Bd5 27.Rc7 Qf6 28.Rfc1 Qg5 29.f3  1-0

[Event "Politiken Cup"]
[Site "Copenhagen"]
[Date "1999.07.05"]
[Round "3"]
[White "Mortensen, Henrik"]
[Black "El Kher, Henrik"]
[Result "1/2-1/2"]
[WhiteElo "2078"]
[BlackElo "2332"]

1.d4 Nf6 2.c4 g6 3.Nc3 d5 4.cxd5 Nxd5 5.e4 Nxc3 6.bxc3 Bg7 7.Bc4 O-O 8.Ne2 Nc6
9.O-O e5 10.d5 Na5 11.Bd3 c6 12.c4 b5 13.Bd2 Nxc4 14.Bxc4 bxc4 15.Bb4 Re8
16.dxc6 Qb6 17.Qa4 Re6 18.Rad1 Ba6 19.Nc3 Qxc6 20.Qxc6 Rxc6 21.Rd7 Bf8 22.Bxf8 Kxf8
23.Rfd1 Ke8 24.R7d5 Re6 25.Rc5 Rc8 26.Ra5 Rc7 27.f3 Rd7 28.Nd5  1/2-1/2

[Event "NOR-ch"]
[Site "Gausdal"]
[Date "1999.07.05"]
[Round "4"]
[White "Storland, Knut H"]
[Black "Elsness, Frode"]
[Result "0-1"]
[WhiteElo "2269"]
[BlackElo "2395"]

1.d4 Nf6 2.c4 g6 3.Nc3 d5 4.cxd5 Nxd5 5.e4 Nxc3 6.bxc3 Bg7 7.Nf3 c5 8.Bb5+ Bd7
9.Bxd7+ Qxd7 10.O-O O-O 11.Be3 cxd4 12.cxd4 Nc6 13.d5 Na5 14.Rc1 b6 15.Bd4 Bh6
16.Ne5 Qd6 17.Rc3 f5 18.Nc6 Nxc6 19.Rxc6 Qd7 20.Bb2 Bg7 21.Bxg7 Kxg7 22.Qd4+ Kg8
23.e5 Rfd8 24.Rd1 Qxc6 25.dxc6 Rxd4 26.Rxd4 Rc8 27.Rd7 Rxc6 28.f4 Rc1+ 29.Kf2 Rc2+
30.Ke3 Kf7 31.Rxa7 Rxg2 32.h4 Rg3+ 33.Kd4 Rg4 34.Kd5 Rxh4 35.e6+ Kf6 36.Ra8 Rxf4
37.Rf8+ Kg5 38.Rf7 h5 39.Rxe7 h4 40.Rb7 h3 41.Rxb6 Re4 42.Rb1 Kf6 43.Rh1 Rxe6
44.Rxh3 Ra6 45.Rh2 f4  0-1

[Event "Politiken Cup"]
[Site "Copenhagen"]
[Date "1999.07.06"]
[Round "4"]
[White "Maarup, Michael"]
[Black "Schandorff, Lars"]
[Result "0-1"]
[WhiteElo "2184"]
[BlackElo "2514"]

1.d4 Nf6 2.c4 g6 3.Nc3 d5 4.cxd5 Nxd5 5.e4 Nxc3 6.bxc3 Bg7 7.Bc4 O-O 8.Be3 Nc6
9.Ne2 b6 10.Qd2 Bb7 11.f3 Qd7 12.O-O Rad8 13.Rfd1 Na5 14.Bd3 Qa4 15.Rab1 Nc4
16.Bxc4 Qxc4 17.Rb4 Qe6 18.d5 Qd7 19.c4 c6 20.Rbb1 cxd5 21.cxd5 Rc8 22.Rbc1 Rxc1
23.Rxc1 Rc8 24.Bd4 e5 25.Be3 Bf8 26.Ng3 f6 27.Ne2 Bd6 28.Bf2 Ba6 29.Rxc8+ Qxc8
30.Nc1 Qc4 31.h4 Kg7 32.Nb3 Qf1+ 33.Kh2 Qe2 34.Be1 Qxd2 35.Bxd2 Bc4 36.Be3 Kf7
37.Kg1 Ke7 38.Kf2 Bb4 39.g3 Kd6 40.Bc1 Kc7 41.Bb2 a5 42.f4 exf4 43.gxf4 f5
44.Ke3 Be7 45.Kd4 Bxb3 46.axb3 fxe4 47.Kxe4 Bxh4 48.Be5+ Kd7 49.f5 Be7 50.fxg6 hxg6
51.Bc3 Bd6 52.Kd4 g5 53.Kc4 g4 54.Kb5 Bc5 55.Be1 Kd6 56.Kc4 Kd7 57.Kb5 Kd6
58.Kc4 Kc7 59.Kb5 Kd7 60.Kc4 Bd6 61.Kb5 Bc7 62.b4 axb4 63.Kxb4 g3 64.Kc4 Bd6  0-1

[Event "NOR-ch"]
[Site "Gausdal"]
[Date "1999.07.06"]
[Round "5"]
[White "Tjomsland, Stig"]
[Black "Elsness, Frode"]
[Result "1/2-1/2"]
[WhiteElo "2276"]
[BlackElo "2395"]

1.d4 Nf6 2.c4 g6 3.Nc3 d5 4.cxd5 Nxd5 5.e4 Nxc3 6.bxc3 Bg7 7.Bc4 c5 8.Ne2 O-O
9.O-O Nc6 10.Be3 Qc7 11.Rc1 Rd8 12.h3 b6 13.Bf4 Qb7 14.d5 Na5 15.Bd3 c4 16.Bb1 e6
17.Ng3 exd5 18.exd5 Be6 19.d6 f5 20.Re1 Qd7 21.Ne2 Nc6 22.Nd4 Nxd4 23.cxd4 Bf8
24.d5 Bf7 25.Rxc4 Bxd6 26.Bxd6 Qxd6 27.Rd4 Re8 28.Rxe8+ Rxe8 29.Bc2 Qe5 30.Ba4 Qe1+
31.Qxe1 Rxe1+ 32.Kh2 Be8 33.Bb3 Bf7 34.Rc4 Re8 35.Rd4 Kg7 36.g4 Kf6 37.f4 h6
38.Rd3 Rd8 39.Kg3 b5 40.Kf3 a5 41.a3 b4 42.axb4 axb4 43.gxf5 Kxf5 44.Ke3 Rc8
45.Kd4 Rc3 46.Rxc3 bxc3 47.Bc2+ Kxf4 48.d6  1/2-1/2

[Event "Budapest FS07 IM"]
[Site "Budapest"]
[Date "1999.07.09"]
[Round "7"]
[White "Fordan, Tibor"]
[Black "Szeberenyi, Adam"]
[Result "1/2-1/2"]
[WhiteElo "2272"]
[BlackElo "2357"]

1.d4 Nf6 2.c4 g6 3.Nc3 d5 4.cxd5 Nxd5 5.e4 Nxc3 6.bxc3 Bg7 7.Bc4 O-O 8.Ne2 c5
9.O-O Nc6 10.Be3 Bg4 11.f3 Bd7 12.Rc1 Rc8 13.Qd2 Na5 14.Bd3 e5 15.d5 b6 16.Bg5 f6
17.Be3 f5 18.exf5 Bxf5 19.c4 Nb7 20.Ng3 Nd6 21.Rfe1 Qd7 22.Bg5 Rf7 23.Ne4 Bxe4
24.Bxe4 a6 25.Bd3 b5 26.Be3 Re7 27.Kh1 Kh8 28.Red1 e4 29.fxe4 bxc4 30.Bxc4 Nxe4
31.Qd3 Rce8 32.Bg1 Qd6 33.Bxa6 Re5 34.Re1 Qe7 35.d6 Nxd6 36.Rxe5 Bxe5 37.Rxc5 Nf5
38.Rc8 Rxc8 39.Bxc8 Nd6 40.Bg4 Qh4 41.Qe2 Qf6 42.a4 h5 43.Bd7 Qg7 44.Bh3 Bd4
45.Qd1 Bxg1 46.Qxg1 Ne4 47.g3 Qb2 48.Qf1 Nf2+  1/2-1/2

[Event "Politiken Cup"]
[Site "Copenhagen"]
[Date "1999.07.11"]
[Round "8"]
[White "Schneider, Stefan"]
[Black "Schandorff, Lars"]
[Result "1/2-1/2"]
[WhiteElo "2353"]
[BlackElo "2514"]

1.d4 Nf6 2.c4 g6 3.Nc3 d5 4.cxd5 Nxd5 5.e4 Nxc3 6.bxc3 Bg7 7.Be3 O-O 8.Qd2 e5
9.Bc4 exd4 10.cxd4 c5 11.Ne2 Nc6 12.Rd1 cxd4 13.Nxd4 Nxd4 14.Bxd4 Bxd4 15.Qxd4 Qg5
16.Kf1 Be6 17.Bxe6 fxe6 18.h4 Qa5 19.Qd2 Qb6 20.Qe2 Rad8 21.Rxd8 Rxd8 22.g3 Rd4
23.Kg2 Qc6 24.Re1 e5  1/2-1/2

[Event "Komercni Banka op"]
[Site "Pardubice"]
[Date "1999.07.17"]
[Round "2"]
[White "Shumiakina, Tatiana"]
[Black "Votava, Jan"]
[Result "1/2-1/2"]
[WhiteElo "2351"]
[BlackElo "2497"]

1.d4 Nf6 2.c4 g6 3.Nc3 d5 4.cxd5 Nxd5 5.e4 Nxc3 6.bxc3 Bg7 7.Bb5+ Nc6 8.Nf3 O-O
9.O-O Na5 10.Be3 c6 11.Bd3 Be6 12.Qe2 b5 13.Nd2 Rb8 14.a3 Nb3 15.Nxb3 Bxb3
16.Rfb1 Ba4 17.e5 Qa5 18.Bd2 Qc7 19.h4 e6 20.h5 Rfd8 21.Be3 a6 22.Be4 c5
23.Qg4 a5 24.g3 cxd4 25.cxd4 Qd7 26.Kg2 Rdc8 27.Rb2 b4 28.hxg6 hxg6 29.axb4 axb4
30.Bxg6 fxg6 31.Rxa4 Qxa4 32.Qxe6+ Kh7 33.Qh3+ Kg8 34.Qe6+ Kh7 35.Qh3+  1/2-1/2

[Event "White Rose Int 1st"]
[Site "Wakefield"]
[Date "1999.07.17"]
[Round "1"]
[White "Krutti, Valer"]
[Black "Beaumont, Chris"]
[Result "1/2-1/2"]
[WhiteElo "2357"]
[BlackElo "2295"]

1.d4 Nf6 2.c4 g6 3.Nc3 d5 4.cxd5 Nxd5 5.e4 Nxc3 6.bxc3 Bg7 7.Bc4 c5 8.Ne2 Nc6
9.Be3 O-O 10.Rc1 Qc7 11.h4 Rd8 12.h5 Ne5 13.Bb3 b6 14.hxg6 hxg6 15.Bd5 Bb7
16.Nf4 e6 17.Bxb7 Qxb7 18.Qe2 Nc6 19.d5 exd5 20.Nxd5 Ne7 21.c4 Nxd5 22.cxd5 Re8
23.Rc4 Rac8 24.a4 Qd7 25.f3 a6 26.g4 Qd6 27.Rc2 c4 28.Kf2 b5 29.axb5 axb5
30.g5 Ra8 31.Qd2 Ra3 32.Kg2 Rd3 33.Qf2 Qa3 34.Bc5 Qb3 35.Re2 Rd1 36.Rh3 Rc8
37.Be7 Qb1 38.Bf6 c3 39.Qh4 Rg1+ 40.Kf2 Qf1+ 41.Ke3 Qc1+ 42.Kf2 Rf1+  1/2-1/2

[Event "Komercni Banka op"]
[Site "Pardubice"]
[Date "1999.07.18"]
[Round "3"]
[White "Shtyrenkov, Veniamen"]
[Black "Jelen, Igor"]
[Result "1/2-1/2"]
[WhiteElo "2503"]
[BlackElo "2395"]

1.d4 Nf6 2.c4 g6 3.Nc3 d5 4.cxd5 Nxd5 5.e4 Nxc3 6.bxc3 Bg7 7.Be3 c5 8.Qd2 Qa5
9.Nf3 O-O 10.Rc1 cxd4 11.cxd4 Qxd2+ 12.Nxd2 Rd8 13.Nb3 e6 14.Bg5 f6 15.Be3 f5
16.Bg5 Re8 17.Bb5 Bd7 18.Bxd7 Nxd7 19.Rc7 Nb6 20.Rxb7 fxe4 21.O-O e5 22.dxe5 Rxe5
23.Be3 Ree8 24.Rc1 Nd5 25.Bxa7 Re6 26.Rd1 Nf6 27.Nc5 Rc6 28.g3 h5 29.Nd7 Ra6
30.Bc5 Rxa2 31.Ne5 Kh7 32.Nd7 Kg8 33.Ne5 Kh7 34.Nd7  1/2-1/2

[Event "Komercni Banka op"]
[Site "Pardubice"]
[Date "1999.07.18"]
[Round "3"]
[White "Lamprecht, Frank"]
[Black "Oral, Tomas"]
[Result "0-1"]
[WhiteElo "2408"]
[BlackElo "2541"]

1.d4 Nf6 2.c4 g6 3.Nc3 d5 4.cxd5 Nxd5 5.e4 Nxc3 6.bxc3 Bg7 7.Be3 c5 8.Qd2 O-O
9.Nf3 Bg4 10.Ng5 cxd4 11.cxd4 Nc6 12.h3 Bd7 13.Rb1 Na5 14.h4 h5 15.Bd3 b5
16.O-O a6 17.f4 Bg4 18.e5 Nc4 19.Bxc4 bxc4 20.Rb4 Qd5 21.Qc3 Rfc8 22.Nf3 a5
23.Rb6 Rab8 24.Rxb8 Rxb8 25.Bc1 Bh6 26.Rf2 e6 27.Nd2 Bf8 28.Bb2 Bf5 29.Nxc4 Bb4
30.Qb3 a4 31.Qxa4 Qxc4 32.a3 Qa2 33.Qa7 Rf8 34.Kh2 Bc3 35.d5 Bxb2 36.d6 Qxa3
37.Qb6 Bc3 38.d7 Qa5 39.Qc6 Be1 40.Rb2 Bxh4  0-1

[Event "Komercni Banka op"]
[Site "Pardubice"]
[Date "1999.07.19"]
[Round "4"]
[White "Jelen, Igor"]
[Black "Votava, Jan"]
[Result "0-1"]
[WhiteElo "2395"]
[BlackElo "2497"]

1.d4 Nf6 2.c4 g6 3.Nc3 d5 4.cxd5 Nxd5 5.e4 Nxc3 6.bxc3 Bg7 7.Nf3 c5 8.Rb1 O-O
9.Be2 cxd4 10.cxd4 Qa5+ 11.Bd2 Qxa2 12.O-O Bg4 13.Be3 Nc6 14.d5 Na5 15.Bg5 Bxf3
16.Bxf3 Qa3 17.Bd2 Bc3 18.Bc1 Qd6 19.Bd2 Bxd2 20.Qxd2 b6 21.Qe2 e5 22.dxe6 Qxe6
23.e5 Rad8 24.Rfe1 Nb3 25.Bg4 Nd4 26.Bxe6 Nxe2+ 27.Rxe2 fxe6 28.g3 g5 29.Ra2 Rd7
30.Rc2 Kf7 31.Rb4 h5 32.f4 gxf4 33.gxf4 Rfd8 34.Rc6 Ke7 35.f5 exf5 36.Rh6 Rd4
37.Rb3 Rd3 38.Rb4 R8d4 39.Rb5 Rd5 40.Rh7+ Ke6 41.Rxd5 Rxd5 42.Rxa7 Kxe5 43.Rh7 b5
44.Rxh5 b4 45.Rh3 Rb5  0-1

[Event "Biel MTO"]
[Site "Biel"]
[Date "1999.07.20"]
[Round "1"]
[White "Tyomkin, Dimitri"]
[Black "Li Li"]
[Result "1-0"]
[WhiteElo "2495"]
[BlackElo "2244"]

1.d4 Nf6 2.c4 g6 3.Nc3 d5 4.cxd5 Nxd5 5.e4 Nxc3 6.bxc3 Bg7 7.Bb5+ c6 8.Ba4 O-O
9.Ne2 c5 10.O-O cxd4 11.cxd4 Bg4 12.f3 Bd7 13.Rb1 Qe8 14.Bc2 Bb5 15.Rf2 Qd7
16.Be3 Rd8 17.d5 Bc4 18.Bb3 Bxe2 19.Rxe2 b5 20.Rc1 a5 21.a4 b4 22.Bb6 Rc8
23.e5 Na6 24.e6 fxe6 25.Rxc8+ Rxc8 26.Rxe6 Kh8 27.d6 exd6 28.Rxd6 Qe7 29.Bd4 Re8
30.Bxg7+ Qxg7 31.Rxa6 Qc3 32.Kf1 Qe5 33.Rd6 Qxh2 34.Qd4+ Qe5 35.Qxe5+  1-0

[Event "Biel MTO"]
[Site "Biel"]
[Date "1999.07.20"]
[Round "10"]
[White "Handke, Florian"]
[Black "Greenfeld, Alon"]
[Result "0-1"]
[WhiteElo "2361"]
[BlackElo "2538"]

1.d4 Nf6 2.c4 g6 3.Nc3 d5 4.cxd5 Nxd5 5.e4 Nxc3 6.bxc3 Bg7 7.Nf3 c5 8.Rb1 O-O
9.Be2 Nc6 10.d5 Ne5 11.Nxe5 Bxe5 12.Qd2 e6 13.f4 Bc7 14.O-O exd5 15.exd5 Ba5
16.Ba3 b6 17.Bb5 Bb7 18.Rbd1 a6 19.f5 axb5 20.f6 Qxd5 21.Qxd5 Bxd5 22.Rxd5 Bxc3
23.Bc1 Rxa2 24.Rd6 Bd4+ 25.Kh1 Ra1 26.Rd1 b4  0-1

[Event "Biel MTO"]
[Site "Biel"]
[Date "1999.07.26"]
[Round "7"]
[White "Handke, Florian"]
[Black "Tseitlin, Mark D"]
[Result "1-0"]
[WhiteElo "2361"]
[BlackElo "2496"]

1.d4 Nf6 2.c4 g6 3.Nc3 d5 4.cxd5 Nxd5 5.e4 Nxc3 6.bxc3 Bg7 7.Nf3 c5 8.Rb1 O-O
9.Be2 cxd4 10.cxd4 Qa5+ 11.Bd2 Qxa2 12.O-O Nd7 13.Bb4 Nb6 14.h3 Bd7 15.Ra1 Qe6
16.Bd3 Nc4 17.Rb1 b5 18.d5 Qf6 19.Bxc4 bxc4 20.e5 Qf5 21.Bxe7 Rfc8 22.Rb7 c3
23.Qd4 c2 24.Qe3 h5 25.Bd6 Rc4 26.Nd4 Bh6 27.Nxf5 Bxe3 28.Ne7+ Kg7 29.Ba3 Bc5
30.Bb2 Bxe7 31.Rxd7 Rb8 32.Bc1 Bc5 33.e6 Kf6 34.Re1 g5 35.e7 Rd4 36.Bb2 Re8
37.Rc7  1-0

[Event "Biel MTO"]
[Site "Biel"]
[Date "1999.07.27"]
[Round "8"]
[White "Shariyazdanov, Andrey"]
[Black "Bagirov, Vladimir"]
[Result "1/2-1/2"]
[WhiteElo "2588"]
[BlackElo "2471"]

1.d4 Nf6 2.c4 g6 3.Nc3 d5 4.cxd5 Nxd5 5.e4 Nxc3 6.bxc3 Bg7 7.Bb5+ c6 8.Ba4 O-O
9.Ne2 c5 10.O-O Nc6 11.Be3 Na5 12.Rb1 b6 13.dxc5 Ba6 14.Bb5 Bxb5 15.Rxb5 Nc4
16.Bg5 h6 17.Bc1 a6 18.Rb4 b5 19.a4 Rb8 20.axb5 axb5 21.Nd4 Qc7 22.Nxb5 Qxc5
23.Qd5 Qxd5 24.exd5 Rfc8 25.Na7 Bxc3 26.Rxb8 Rxb8 27.Nc6 Rb5 28.Nxe7+ Kf8
29.Nc6 g5 30.d6  1/2-1/2

[Event "Korinthos op 3rd"]
[Site "Korinthos"]
[Date "1999.07.28"]
[Round "5"]
[White "Mamedova, Rena"]
[Black "Popov, Venci"]
[Result "0-1"]
[WhiteElo "2352"]
[BlackElo "2312"]

1.d4 Nf6 2.c4 g6 3.Nc3 d5 4.cxd5 Nxd5 5.e4 Nxc3 6.bxc3 Bg7 7.Bc4 c5 8.Ne2 O-O
9.O-O Nc6 10.Be3 Bg4 11.f3 Na5 12.Bxf7+ Rxf7 13.fxg4 Rxf1+ 14.Kxf1 cxd4 15.cxd4 e5
16.d5 Qh4 17.h3 Nc4 18.Qd3 Nxe3+ 19.Qxe3 Bh6 20.Qd3 Rf8+ 21.Kg1 Qf2+ 22.Kh2 Qe3
23.Rd1 Rf2 24.Qxe3 Bxe3 25.Nc3 Kf7 26.a4 a6 27.Rb1 b6 28.d6 Ke6 29.Nd5 Bd4
30.Nxb6 Kxd6 31.Nd5 Ra2 32.Rb7 Rxa4 33.Rxh7 Bc5 34.Nf6 Be3 35.h4 Bf4+ 36.Kg1 Bg3
37.Kf1 Ra2 38.g5 Rf2+ 39.Kg1 Re2 40.Rd7+ Ke6 41.Rd1 Bxh4 42.Nd5 Rxe4 43.Nc7+ Kf5
44.Nxa6 Bxg5 45.Rf1+ Kg4 46.Nc7 Be3+ 47.Kh2 Bf4+ 48.Kg1 Rd4 49.Ne6 Be3+ 50.Kh2 Rd6
51.Rf3 Rxe6 52.Rxe3 Kf4 53.Rf3+ Ke4 54.Kg3 Ra6 55.Kf2 Ra2+ 56.Kf1 g5 57.Rg3 Kf4
58.Rf3+ Kg4 59.Re3 Kf5 60.Rf3+ Ke6  0-1

[Event "USA-ch (junior)"]
[Site "San Francisco"]
[Date "1999.07.28"]
[Round "2"]
[White "Akopyan, Harutyun"]
[Black "Braylovsky, Gregory"]
[Result "1/2-1/2"]
[WhiteElo "2269"]
[BlackElo "2271"]

1.d4 Nf6 2.c4 g6 3.Nc3 d5 4.cxd5 Nxd5 5.e4 Nxc3 6.bxc3 Bg7 7.Nf3 c5 8.Rb1 O-O
9.Be2 Qa5 10.Rb5 Qxa2 11.Rxc5 Nd7 12.Rb5 a5 13.Rb3 Nf6 14.Nd2 Bd7 15.Ra3 Qe6
16.e5 Nd5 17.c4 Nb4 18.Bf3 Ra7 19.Bb2 b5 20.d5 Qb6 21.O-O Rc8 22.Nb3 Rxc4
23.Bd4 Rxd4 24.Nxd4 Bxe5 25.Nc6 Nxc6 26.dxc6 Be6 27.Bd5 Bf5 28.g4 Qc5 29.Re3 Bxg4
30.Rxe5 Bxd1 31.Bxf7+ Kxf7 32.Rxc5 Bg4 33.Rxb5 Rc7 34.Rc1 Bd7 35.Rbc5 Rc8
36.Kf1 Be8 37.Rxa5 Rxc6 38.Rxc6 Bxc6 39.f4 Be4 40.Kf2 Bf5 41.Ke3 Kf6 42.Ra8 Bh3
43.Ra6+ e6 44.Ra7 h5 45.Ra5 Bg2 46.Rg5 Bh3 47.Kd4 Bf5 48.h4 Bc2 49.Rb5 Bf5
50.Re5 Bg4 51.Kc5 Ke7 52.Kc6 Bf3+ 53.Kc7 Bg4 54.Ra5 Bf5 55.Ra4 Bc2 56.Rb4 Bf5
57.Rc4 Bg4 58.Rc5 Bf5 59.Re5  1/2-1/2

[Event "Budapest  Agro GM"]
[Site "Budapest"]
[Date "1999.08.03"]
[Round "5"]
[White "Ovsejevitsch, Sergei"]
[Black "Ruck, Robert"]
[Result "1/2-1/2"]
[WhiteElo "2515"]
[BlackElo "2485"]

1.d4 Nf6 2.c4 g6 3.Nc3 d5 4.cxd5 Nxd5 5.e4 Nxc3 6.bxc3 Bg7 7.Be3 c5 8.Qd2 Qa5
9.Rb1 b6 10.Bb5+ Bd7 11.Be2 Bc6 12.Bd3 Nd7 13.Rc1 e6 14.Ne2 Rc8 15.Bh6 Bxh6
16.Qxh6 cxd4 17.O-O Ne5 18.Qg7 Ke7 19.Nxd4 Nxd3 20.Nxc6+ Rxc6 21.Qxh8 Nxc1
22.Rxc1 Qxa2 23.e5 Qd2 24.Ra1 Qxc3 25.Qf6+ Ke8 26.Qh8+ Ke7  1/2-1/2

[Event "MK Cafe Cup-A"]
[Site "Koszalin"]
[Date "1999.08.03"]
[Round "1"]
[White "Urban, Klaudiusz"]
[Black "Romanishin, Oleg M"]
[Result "1/2-1/2"]
[WhiteElo "2463"]
[BlackElo "2567"]

1.d4 Nf6 2.c4 g6 3.Nc3 d5 4.cxd5 Nxd5 5.e4 Nxc3 6.bxc3 Bg7 7.Nf3 c5 8.Bb5+ Nc6
9.O-O cxd4 10.cxd4 O-O 11.Be3 Bg4 12.Bxc6 bxc6 13.Rc1 Qd7 14.h3 Bxf3 15.Qxf3 Qe6
16.Rc2 Rad8 17.e5 f6 18.Qxc6 Qxc6 19.Rxc6 fxe5 20.dxe5 Bxe5 21.Ra6 Rd7 22.g3 Rf6
23.Ra5 Bc3 24.Ra3 Bb2 25.Ra4 a6 26.Rb1 Be5 27.Rb6 Rxb6 28.Bxb6 Kf7 29.Kg2 Rd6
30.Be3 Rf6 31.g4 Rc6 32.Kf3 Bc7 33.Ke4 Re6+ 34.Kd5 Rd6+ 35.Ke4 Re6+ 36.Kd3 Rd6+
37.Kc4 Rc6+ 38.Kd3  1/2-1/2

[Event "BCF-ch 86th"]
[Site "Scarborough"]
[Date "1999.08.05"]
[Round "5"]
[White "Scannell, Steven"]
[Black "Knott, Simon JB"]
[Result "0-1"]
[WhiteElo "2069"]
[BlackElo "2348"]

1.d4 Nf6 2.c4 g6 3.Nc3 d5 4.cxd5 Nxd5 5.e4 Nxc3 6.bxc3 Bg7 7.Be3 c5 8.Qd2 Qa5
9.Nf3 Nc6 10.Rc1 cxd4 11.cxd4 Qxd2+ 12.Kxd2 O-O 13.Bb5 f5 14.Bxc6 bxc6 15.exf5 Bxf5
16.Nh4 Be4 17.Rc3 Rfb8 18.Rb3 Bd5 19.Rxb8+ Rxb8 20.Rc1 Rb2+ 21.Rc2 Rxc2+
22.Kxc2 Bxa2 23.Kb2 Bd5 24.Ka3 Kf7 25.Kb4 Ke6 26.Kc5 Kd7 27.Nf3 e6 28.Kb4 Bf8+
29.Ka5 Bxf3 30.gxf3 Bd6 31.h3 Bc7+ 32.Kb4 Bb6 33.Kc4 a5 34.Bf4 Bc7 35.Bd2 Bd8
36.Be1 Bb6 37.Bd2 a4 38.Bc3 a3 39.Kb3 Kd6 40.Kxa3 Kd5 41.Kb3 Bxd4 42.Be1 c5  0-1

[Event "Hotel Agro IM A"]
[Site "Budapest"]
[Date "1999.08.06"]
[Round "8"]
[White "Szeberenyi, Adam"]
[Black "Petran, Pal"]
[Result "1/2-1/2"]
[WhiteElo "2357"]
[BlackElo "2371"]

1.d4 Nf6 2.c4 g6 3.Nc3 d5 4.cxd5 Nxd5 5.e4 Nxc3 6.bxc3 Bg7 7.Nf3 c5 8.Rb1 Nc6
9.d5 Bxc3+ 10.Bd2 Bxd2+ 11.Qxd2 Na5 12.h4 Bg4 13.h5 Bxf3 14.gxf3 e5  1/2-1/2